Vista normal Vista MARC

Entrada Personal Name

Número de registros utilizados en: 1

001 - CONTROL NUMBER

  • control field: 13731

003 - CONTROL NUMBER IDENTIFIER

  • control field: OSt

005 - DATE AND TIME OF LATEST TRANSACTION

  • control field: 20210220000041.0

008 - FIXED-LENGTH DATA ELEMENTS

  • fixed length control field: 210220|| aca||aabn | a|a d

040 ## - CATALOGING SOURCE

  • Original cataloging agency: OSt
  • Transcribing agency: OSt

100 ## - HEADING--PERSONAL NAME

  • Personal name: Suárez Soto, Luis Edmundo

670 ## - SOURCE DATA FOUND

  • Source citation: Work cat.: (OSt): Suárez Soto, Luis Edmundo, autor, Las unidades de inteligencia financiera y el sistema antilavado de activos y contra la financiación del terrorismo : , 2014